Альбом водоотводных устройств на железных дорогах. Ч. 2: Таблицы для гидравлических расчетов и подсчетов объемов земляных и укрепительных работ (Запись № 8291048)

Подробности
000 -МАРКЕР
контрольное поле 01104nam2a22002411 4500
001 - ИДЕНТИФИКАТОР ЗАПИСИ
контрольное поле rc\4277216
005 - ИДЕНТИФИКАТОР ВЕРСИИ
контрольное поле 20250611144827.0
035 ## - ДРУГИЕ СИСТЕМНЫЕ НОМЕРА
Идентификатор записи (NLR Aleph) 008243292
100 ## - ДАННЫЕ ОБЩЕЙ ОБРАБОТКИ
Данные общей обработки 20130416d1965 |||y0rusy50 ca
101 0# - ЯЗЫК РЕСУРСА
Язык текста, звукозаписи и т.д. русский
102 ## - СТРАНА ПУБЛИКАЦИИ ИЛИ ПРОИЗВОДСТВА
Страна публикации российская федерация
105 ## - ПОЛЕ КОДИРОВАННЫХ ДАННЫХ: ТЕКСТОВЫЕ МАТЕРИАЛЫ, МОНОГРАФИЧЕСКИЕ
Кодированные данные о монографическом текстовом документе y z |||||
200 1# - ЗАГЛАВИЕ И СВЕДЕНИЯ ОБ ОТВЕТСТВЕННОСТИ
Основное заглавие Таблицы для гидравлических расчетов и подсчетов объемов земляных и укрепительных работ
210 ## - ПУБЛИКАЦИЯ, РАСПРОСТРАНЕНИЕ И ДР.
Дата издания, распространения и т.д. 1965
Место издания, распространения и т.д. Б. м.
215 ## - ФИЗИЧЕСКАЯ ХАРАКТЕРИСТИКА
Специфическое обозначение материала и объем 259 с.
225 1# - СЕРИЯ
Основное заглавие серии ...
Обозначение тома Инв. № 36/2
461 #0 - УРОВЕНЬ НАБОРА
Встроенное поле 001rc\4277214
-- 2001#$aАльбом водоотводных устройств на железных дорогах$f[Разработан Мосгипротрансом. В 2 ч.]. Ч. 1-$vЧ. 2
Системный номер (АБИС) связанной записи 8291038
Место публикации Москва
Дата публикации 1965
Первые сведения об ответственности [Разработан Мосгипротрансом. В 2 ч.]. Ч. 1-
Имя издателя, распространителя и т.д. Б. и.
Заглавие Альбом водоотводных устройств на железных дорогах
Номер тома Ч. 2
801 #0 - ИСТОЧНИК ЗАПИСИ
Страна российская федерация
Организация NLR
Правила каталогизации psbo
801 #1 - ИСТОЧНИК ЗАПИСИ
Страна российская федерация
Организация ELAR
Источник данных rusmarc
852 ## - МЕСТОНАХОЖДЕНИЕ И ШИФР ХРАНЕНИЯ
Идентификатор организации NLR
Шифр хранения (Call Number) 65-8/648
942 ## - ДОПОЛНИТЕЛЬНЫЕ ЭЛЕМЕНТЫ ЗАПИСИ (АБИС)
Тип экземпляра АБИС Книга
980 ## - КОЛЛЕКЦИЯ
Название коллекции Национальная библиография
Экземпляры
Тип экземпляра Дата поступления Библиотека постоянного хранения Библиотека текущего хранения Место хранения Шифр хранения Штрих-код Статус не для выдачи
Книга 26.10.2013 РНБ (Московский) РНБ (Московский) Русский книжный фонд: издания с 1957 года, 3этаж Хран 65-8/648 8243292-10